000 01051nas a2200349 4500
001 BR0502565
003 BR-BrBNA
005 20231205105416.0
007 ta
008 230509b bl.|||p| |||| 00| 00por d
040 _aBR-BrBNA
_bpor
_cBiblioteca Nacional de Agricultura
041 _a(Pt)
072 _aL01; L02
100 1 _aArboitte, M.Z.
100 1 _aRestle, J.
100 1 _aAlves Filho, D.C.
100 1 _aBrondani, I.L.
100 1 _aSilva, J.H.S. da
100 1 _aNörnberg, J.L.
100 1 _aKuss, F.
245 1 _aDesempenho em confinamento de novilhos 5/8 Nelore - 3/8 Charolês abatidos em diferentes estádios de desenvolvimento
650 _aGADO DE CORTE
650 _aCONFINAMENTO
650 _aGANHO DE PESO
650 _aABATE
650 _aDIETA
650 _aEFICIÊNCIA NUTRICIONAL
650 _aPERFORMANCE
773 0 _tRevista Brasileira de Zootecnia (Brazil)
_xISSN 1516-3598
_g(Jul-Aug 2004), v. 33(4) p. 947-958
_wBR0502565
909 _a202311
_bLúcia
_c55
_dLúcia Elande
942 _2AGRIS
_n0
_cANA
999 _c182821
_d182821